| 000 | 00699nam a2200193 i 4500 | ||
|---|---|---|---|
| 001 | xx001126739 | ||
| 003 | NUKAT | ||
| 005 | 20260427214007.0 | ||
| 008 | 080526s1936 pl r |000 0 pol c | ||
| 035 | _a(OCoLC)749909170 | ||
| 035 | _a(NUKAT)xx001126739 | ||
| 040 |
_aWA U/76BM _cWA U/BM _dWA U/76DP |
||
| 100 | 1 |
_aGórzyński, Stefan _d(1898-1961). _940703 |
|
| 245 | 1 | 0 |
_aObraz gospodarki rolnej w Polsce w XV i XVI wieku : _b(na tle stosunków handlowych) / _cStefan Górzyński. |
| 260 |
_aWarszawa : _bnakł. Wydawnictwa "Świat Współczesny", _c1936 _e(Piotrków : _fDrukarnia Polska Józefa Waleckiego). |
||
| 300 |
_a26 s. ; _c22 cm. |
||
| 510 | 3 | _aBP 1901-1939 online. | |
| 942 |
_2ddc _cBK_NM |
||
| 999 |
_c27811 _d27811 |
||